Monstruos marinos en mapas medievales y renacentistas / (Registro nro. 326480)

Detalles MARC
000 -ENCABEZADO
Número de control [NR] 01844nam a22002537a 4500
005 - FECHA Y HORA DE LA ÚLTIMA TRANSACCIÓN
control field 20260604081011.0
008 - DE LONGITUD FIJA DE DATOS DE ELEMENTOS - INFORMACIÓN GENERAL
Elementos de longitud fija [NR] 260603t2026 |||||||| |||| 00| 0 spa d
020 ## - NUMERO INTERNACIONAL NORMALIZADO PARA LIBROS [R]
Número Internacional Normalizado del libro [NR] 9789585007239
040 ## - FUENTE DE CATALOGACION [NR]
Agencia de catalogación original [NR] CO-BoUCM
Idioma de catalogación [NR] spa
Quien Cataloga Stefania Borbon
Quien Clasifica Stefania Borbon
041 ## - CODIGO DE IDIOMA [R]
Código de idioma para texto/pista de sonido o título separado [R] Español
245 ## - MENCION DE TITULO [NR]
Título [NR] Monstruos marinos en mapas medievales y renacentistas /
Mención de responsabilidad, etc. [NR] Chet Van Duzer ; traducción de Santiago Paredes Cisneros
260 ## - PUBLICACION, DISTRIBUCION, ETC. (PIE DE IMPRENTA) [R]
Lugar de publicación, distribución, etc. [R] Bogotá, Colombia :
Nombre del editor, distribuidor, etc. [R] Editorial Universidad del Rosario :
-- Centro de Estudios Políticos e Internacionales (CITCO),
Fecha de publicación, distribución, etc. [R] 2026
300 ## - DESCRIPCION FISICA [R]
Extensión [R] xiii, 213 páginas :
Otros detalles físicos [NR] ilustraciones
504 ## - NOTA DE BIBLIOGRAFIA, ETC. [R]
Nota de bibliografía, etc. [NR] Incluye referencias bibliográficas
520 ## - NOTA DE RESUMEN, ETC. [R]
Nota de sumario, etc. [NR] Los monstruos marinos plasmados en mapas medievales y renacentistas son de los elementos más cautivadores de la cartografía antigua. Se trata de un asunto central para la historia de la cartografía, para la historia del arte y, en particular, para la historia de la ilustración zoológica, así como para la historia de la geografía de lo asombroso y de las concepciones occidentales del mar. Los monstruos marinos, las influencias y los métodos de los cartógrafos que los dibujaron o los pintaron se analizan aquí en los más importantes ejemplos de monstruos marinos incluidos en mapas medievales y renacentistas producidos en Europa, comenzando con los que fueron representados en los mappaemundi más tempranos, del siglo X, hasta llegar a los que figuran en mapas de finales del siglo XVI.<br/>
650 #4 - ASIENTO SECUNDARIO DE MATERIA - TERMINO TEMATICO [R]
Término temático o nombre geográfico como elemento de entrada [NR] Monstruos marinos en el arte
9 (RLIN) 189598
650 #4 - ASIENTO SECUNDARIO DE MATERIA - TERMINO TEMATICO [R]
Término temático o nombre geográfico como elemento de entrada [NR] Cartografía medieval
9 (RLIN) 189599
650 #4 - ASIENTO SECUNDARIO DE MATERIA - TERMINO TEMATICO [R]
Término temático o nombre geográfico como elemento de entrada [NR] Cartografía del Renacimiento
9 (RLIN) 189600
650 #4 - ASIENTO SECUNDARIO DE MATERIA - TERMINO TEMATICO [R]
Término temático o nombre geográfico como elemento de entrada [NR] Animales míticos
9 (RLIN) 189601
700 1# - ASIENTO SECUNDARIO - NOMBRE PERSONAL [R]
Nombre personal [NR] Paredes Cisneros, Santiago
Término de relación [R] traductor
9 (RLIN) 100163
710 2# - ASIENTO SECUNDARIO - NOMBRE CORPORATIVO [R]
Nombre corporativo o de jurisdicción como elemento de entrada [NR] Universidad del Rosario
9 (RLIN) 28209
942 ## - ELEMENTOS DE ENTRADA AGREGADOS (KOHA)
Sistema de clasificación DEWEY
Tema principal Geografía
Tipo de ítem principal el descrito en 300a Edición Rosarista
Edición 1
Clasificación 912
Parte restante de la signatura top. V247m
Existencias
Total préstamos Signatura topográfica Código de barras Última vez visto Ejemplar Price effective from Tipo de ítem Nota pública (OPAC) Perdido Sistema de clasificación Dañado No prestable Tipo de ítem específico Suprimido Ubicación habitual Ubicación actual Localización Fecha de creación Forma de adquisición Costo
  912 V247m 100175357 04/06/2026 Ej.1 03/06/2026 Edición Rosarista Ed. Rosaristas   DEWEY     Libro Edición Rosarista   Claustro Claustro 4to piso 03/06/2026 Compra 31200.00
  912 V247m 100175356 04/06/2026 Ej.2 04/06/2026 Libro     DEWEY     Libro   Claustro Claustro 2do piso 04/06/2026 Compra 31200.00
  912 V247m 100175358 04/06/2026 Ej.3 04/06/2026 Libro     DEWEY     Libro   Claustro Claustro 2do piso 04/06/2026 Compra 31200.00